000 00745nam a2200217 i 4500
001 46368
003 ES-MaACL
005 20230906161353.0
007 t|
008 030328q1880 sp b ||||1| spa d
080 _a915.941
100 1 _aConcas y Palau, Víctor.
_940067
245 1 0 _aEstudios referentes a servicios de marina en Filipinas
_b: Borneo /
_cVíctor María Concas y Palau.
260 _a[Madrid :
_bs.n.,
_c1880?]
300 _aP. [523]-535, [1] h. pleg. de mapa ;
_c24 cm.
594 _aDatos tomados de principio del texto, sin portada.
595 _aSeparata de: Revista general de la Marina.
650 _aMarina de guerra-
_zFilipinas.
_9150782
651 4 _aBorneo-
_xHistoria.
_9159940
852 _aES-MaACL
_jT-511-F-3
999 _c46368
_d46368